Short textbook of public Health medicine for the tropics. (Record no. 751)

MARC details
000 -LEADER
fixed length control field 00649nam a22002177a 4500
003 - CONTROL NUMBER IDENTIFIER
control field OSt
005 - DATE AND TIME OF LATEST TRANSACTION
control field 20141117145354.0
008 - FIXED-LENGTH DATA ELEMENTS--GENERAL INFORMATION
fixed length control field 141117b xxu||||| |||| 00| 0 eng d
020 ## - INTERNATIONAL STANDARD BOOK NUMBER
International Standard Book Number 0340816457
040 ## - CATALOGING SOURCE
Transcribing agency DNLM
082 ## - DEWEY DECIMAL CLASSIFICATION NUMBER
Classification number WA100 L963s 2003
100 ## - MAIN ENTRY--PERSONAL NAME
Personal name Lucas.O Adetokunbo
9 (RLIN) 1988
245 ## - TITLE STATEMENT
Title Short textbook of public Health medicine for the tropics.
Statement of responsibility, etc. Adetokunbo O. lucas, Herbert M. Giles
250 ## - EDITION STATEMENT
Edition statement 4th ed.
260 ## - PUBLICATION, DISTRIBUTION, ETC. (IMPRINT)
Place of publication, distribution, etc. India:
Name of publisher, distributor, etc. BookPower;
Date of publication, distribution, etc. 2003.
300 ## - PHYSICAL DESCRIPTION
Extent x, 389 p. :
Other physical details ill ;
Dimensions 27 cm
504 ## - BIBLIOGRAPHY, ETC. NOTE
Bibliography, etc Includes Bibliographical references and index
650 ## - SUBJECT ADDED ENTRY--TOPICAL TERM
Topical term or geographic name as entry element Medicine
9 (RLIN) 324
700 ## - ADDED ENTRY--PERSONAL NAME
Personal name Gilles Herbert M.
9 (RLIN) 1989
942 ## - ADDED ENTRY ELEMENTS (KOHA)
Source of classification or shelving scheme Other/Generic Classification Scheme
Koha item type Short Loan
Holdings
Withdrawn status Lost status Source of classification or shelving scheme Damaged status Not for loan Home library Current library Date acquired Source of acquisition Inventory number Total Checkouts Full call number Barcode Date last seen Price effective from Koha item type Date last checked out
    Other/Generic Classification Scheme     MUST Main Library MUST Main Library 17/11/2014   2005/23883   WA100 L963s 2003 2014-3365 17/11/2014 17/11/2014 Short Loan  
    Other/Generic Classification Scheme     MUST Main Library MUST Main Library 17/11/2014   2005/23884   WA100 L963s 2003 2014-3366 17/11/2014 17/11/2014 Short Loan  
    Other/Generic Classification Scheme     MUST Main Library MUST Main Library 17/11/2014   2005/23882   WA100 L963s 2003 2014-3367 17/11/2014 17/11/2014 Short Loan  
    Other/Generic Classification Scheme     MUST Main Library MUST Main Library 20/01/2015   2005/23881 1 WA100 L963s 2003 2015-0171 29/05/2017 20/01/2015 Short Loan 29/05/2017